The Origin of The Bible (Record no. 20614)
[ view plain ]
| 000 -LEADER | |
|---|---|
| fixed length control field | 00298nam a22001337a 4500 |
| 020 ## - INTERNATIONAL STANDARD BOOK NUMBER | |
| ISBN | 978-93-83691-67-8 |
| 082 ## - DEWEY DECIMAL CLASSIFICATION NUMBER | |
| Classification number | 220.9 BRU |
| 100 ## - MAIN ENTRY--AUTHOR NAME | |
| Author name | Bruce, F .F. |
| 245 ## - TITLE STATEMENT | |
| Title | The Origin of The Bible |
| 260 ## - PUBLICATION, DISTRIBUTION, ETC. (IMPRINT) | |
| Place of publication | Secunderabad |
| Name of publisher | GS Books |
| Year of publication | 2015 |
| 300 ## - PHYSICAL DESCRIPTION | |
| Number of Pages | 331 |
| 650 ## - SUBJECT ADDED ENTRY--TOPICAL TERM | |
| Topical Term | Bible-History |
| 942 ## - ADDED ENTRY ELEMENTS (KOHA) | |
| Koha item type | Books |
| Collection code | Home library | Current library | Shelving location | Date acquired | Source of acquisition | Cost, normal purchase price | Full call number | Accession Number | Koha item type |
|---|---|---|---|---|---|---|---|---|---|
| Non-fiction | Henry Martyn Institute Library | Henry Martyn Institute Library | General stacks | 08/24/2017 | Om Books Foundation | 120.00 | 220.9 BRU | 25325 | Books |
